MARC

Tag First Indicator Second Indicator Subfields
LEADER 00000cam a2200000Ii 4500
001 in00004535539
005 20220520175617.4
008 750828s1931 enkfh b 000 1 eng
010 |a  31030123  
035 |a (OCoLC)ocm01578244 
040 |a DLC  |b eng  |c FQG  |d AGL  |d STF  |d AN#  |d OCLCQ  |d AGL  |d ZAP  |d OCLCA  |d OCLCQ  |d OCLCO  |d MFM  |d OCLCO  |d OCLCF  |d JDP  |d OCLCO  |d OCL  |d AZU  |d J9U  |d OCLCQ  |d OCLCO  |d TMV 
016 7 |a CAT10716122  |2 DNAL 
019 |a 1029659826  |a 1029717468  |a 1052996999 
035 |a (OCoLC)1578244  |z (OCoLC)1029659826  |z (OCoLC)1029717468  |z (OCoLC)1052996999 
043 |a e-uk-en 
050 4 |a S405  |b .C75 1931 
060 0 4 |a S 405  |b C931m 1931 
049 |a TMVM 
100 1 |a Cripps-Day, Francis Henry. 
245 1 4 |a The manor farm /  |c by Francis Henry Cripps-Day ; to which are added reprint facsimiles of the Boke of husbandry, an English translation of the XIIIth century tract on husbandry by Walter of Henley, ascribed to Robert Grosseteste and printed by Wynkyn de Worde, c. 1510, and the booke of thruft, containing English translations of the same tract and of the anonymous XIIIth century tract Hosebonderie, by James Bellot, printed in 1589. 
264 1 |a London :  |b Bernard Quaritch Ltd,  |c 1931. 
300 |a xxxvii, 114 pages, 3 leaves, 18 (i.e. 27), [1] pages, 1 leaf, [30] pages :  |b plates (facsimile) ;  |c 22 x 17 cm 
336 |a text  |b txt  |2 rdacontent 
337 |a unmediated  |b n  |2 rdamedia 
338 |a volume  |b nc  |2 rdacarrier 
500 |a Error in paging: p. 25-27 ("The booke of thrift") numbered 22,23,18. 
504 |a Includes bibliographical references. 
505 0 |a Forewords. -- Walter of Henley, Hosebonderie [author unknown] -- Seneschaucie [author unknown] Les reules Seynt Roberd [by Robert Grosseteste]. -- The book of agriculture, by Ibn-al-ʻAuwâm. -- The booke of thrift, by James Bellot, 1589. -- Extracts from Fleta translated into English. -- Stupor mundi. -- Reprint-facsimile of The booke of thrift. -- Reprint-facsimile of the Boke of husbandry, ascribed to Robert Grosseteste, bishop of Lincoln, printed by Wynkyn de Worde circa 1510. 
561 |a John Clewlow (sold to TMV); FH Cripps Day (author's copy, signed on front free endpaper in pencil).  |5 TMV 
563 |a Quarter cloth and vellum spine binding.  |5 TMV 
600 1 0 |a Ibn Hubayrah, Yaḥyá ibn Muḥammad,  |d -1165.  |t Kitāb al-falāhah. 
650 0 |a Agriculture  |v Early works to 1800. 
650 0 |a Agriculture  |z England  |x History. 
650 0 |a Early printed books  |y 16th century  |v Facsimiles. 
650 2 |a Agriculture. 
650 7 |a Agriculture.  |2 fast  |0 (OCoLC)fst00801355 
650 7 |a Early printed books.  |2 fast  |0 (OCoLC)fst00900645 
651 7 |a England.  |2 fast  |0 (OCoLC)fst01219920 
648 7 |a 1500-1599  |2 fast 
655 7 |a Fiction.  |2 fast  |0 (OCoLC)fst01423787 
655 7 |a Early works.  |2 fast  |0 (OCoLC)fst01411636 
655 7 |a Facsimiles.  |2 fast  |0 (OCoLC)fst01411642 
655 7 |a History.  |2 fast  |0 (OCoLC)fst01411628 
710 2 |a Bridgforth Family Collection (Mississippi State University. Libraries)  |5 MsSM 
999 f f |s a6acf3fe-dbe2-3d54-9b02-861c191604fa  |i 33a66506-b927-353c-9d35-1ed080864a1d  |t 0 
952 f f |p noncirc  |a Texas A&M University  |b College Station  |c Medical Sciences Library  |d MSL: Special Collections  |t 0  |e S 405 C931m 1931  |h Library of Congress classification  |i unmediated -- volume  |m 323890258993I 
998 f f |a S 405 C931m 1931  |t 0  |l MSL: Special Collections